000 00992cam a2200301 i 4500
001 20043171
003 OSt
005 20240520152910.0
008 171002s2016 ke a 000 0 bnt
010 _a 2016343736
020 _a9789966483089
040 _aDLC
_beng
_cDLC
_erda
042 _alcode
_apcc
050 0 0 _aBS325.L9
_b2016
130 0 _aBible.
_lLuyia.
_f2016.
_956196
245 1 0 _aIbibilia indakatifu :
_bindakano ikhulu nende imbi Mululuyia lwa Abamarama, Abashisa, Abatsotso nende Abawanga.
260 _aNairobi, Kenya :
_bBible Society of Kenya,
_cc2016.
300 _avii, 1418, 480 pages :
_billustrations ;
_c22 cm
500 _a[Africana].
520 _aHoly bible in Luyia.
546 _aIn Luyia.
630 _aBible. Luyia.
_956197
650 0 _aLuyia language
_vTexts.
_956198
710 2 _aBible Society of Kenya.
_955779
906 _a7
_bcbc
_corigode
_d2
_encip
_f20
_gy-gencatlg
942 _2lcc
_cAFR(R)
999 _c67919
_d67893